00365pab a2200133 454500008004000000100001800040245006200058260000900120300001300129650001400142650001900156650001900175773003700194180718b2013 xxu||||| |||| 00| 0 eng d aSanjeev Kumar aNarco - terrorism : A threat to India's national security c2013 ap.45-59. aTerrorism aState security aNarcotic drugs aReserach Journal Social Sciences